North Korea Social Credit Test - Statistics

General Stats
  • This quiz has been taken 81 times
  • The average score is 6 of 10
Answer Stats
Question Answer % Correct
Who is the greatest leader
94%
Which country is the best North Korea
94%
What shall we do to Defectors Shoot them and 3 generations of their family!
87%
What is North Korea’s full name Democratic People’s Republic of Korea
84%
Who won the Korean War North Korea
76%
How long should you serve the military as a male in North Korea 10 Years
56%
What is a Chollima A mystic horse which can travel for thousands of kilometres at once
53%
How was North Korea created Korea is created after Kim Il Sung gained the independence after a war with American-Japanese occupiers
46%
What do we call the period between 1994-1998 Arduous March
24%
How would you address a friend 동무 (Dongmu)
21%
No matching quizzes found
Score Distribution
Percent of People with Each Score
Percentile by Number Answered
Your Score History
You have not taken this quiz